[Event "Olimpiade 2018 - Open"]
[Site "Batumi"]
[Date "03.10.2018"]
[Round "9.49"]
[Board "1"]
[White "Piyumantha, M Sasith Nipun"]
[Black "Lacayo, Rene"]
[Result "1-0"]
[WhiteTitle "FM"]
[BlackTitle "FM"]
[WhiteElo "2139"]
[BlackElo "2228"]
[WhiteTeam "Sri Lanka"]
[BlackTeam "Nicaragua"]
[WhiteFideId "9916148"]
[BlackFideId "6100031"]
[EventDate "2018.09.24"]

1. d4 d5 2. c4 e6 3. Nf3 Nf6 4. g3 dxc4 5. Bg2 Nc6 6. Qa4 Bb4+ 7. Bd2 Nd5 8.
Bxb4 Nxb4 9. O-O Bd7 10. Ne5 O-O 11. Nxc6 Nxc6 12. Qxc4 Ne7 13. Nc3 Bc6 14. e4
Qd6 15. Rfe1 Rab8 16. a4 a6 17. a5 b5 18. axb6 Rxb6 19. Rxa6 Rxa6 20. Qxa6 Qxd4
21. Qa5 Qb6 22. Qxb6 cxb6 23. Rd1 Rc8 24. Rd6 Kf8 25. Bf1 Ke8 26. Nb5 Rb8 27. f3
g5 28. b4 g4 29. Nc7+ Kf8 30. b5 Bb7 31. Na6 Nc8 32. Rd7 Bxa6 33. bxa6 Ra8 34.
fxg4 Kg7 35. Rd8 Kf6 36. Re8 Ke5 37. Rd8 Kf6 38. e5+ Kxe5 39. Bg2 Rxa6 40. Rxc8
Ra1+ 41. Bf1 1-0

[Event "Olimpiade 2018 - Open"]
[Site "Batumi"]
[Date "03.10.2018"]
[Round "9.59"]
[Board "1"]
[White "Strugnell, Carl"]
[Black "Tissir, Mohamed"]
[Result "0-1"]
[WhiteTitle "FM"]
[BlackTitle "IM"]
[WhiteElo "2327"]
[BlackElo "2388"]
[WhiteTeam "Wales"]
[BlackTeam "Morocco"]
[WhiteFideId "616753"]
[BlackFideId "9000240"]
[EventDate "2018.09.24"]

1. e4 c5 2. Nf3 d6 3. d4 cxd4 4. Nxd4 Nf6 5. Nc3 e6 6. g4 a6 7. g5 Nfd7 8. Be3
b5 9. a3 Bb7 10. Qd2 Nb6 11. O-O-O N8d7 12. f4 Rc8 13. h4 Nc5 14. Bd3 Nc4 15.
Bxc4 bxc4 16. Qg2 Qb6 17. Rh3 Rb8 18. g6 hxg6 19. Nxe6 Qxb2+ 20. Kd2 Nb3+ 21.
Ke1 Qxc3+ 22. Kf1 Qa5 23. cxb3 fxe6 24. Qxg6+ Kd7 25. e5 Bd5 26. Qf7+ Kc6 27.
bxc4 Bxc4+ 28. Kg1 Qc7 29. Qg6 Rh6 30. Qc2 d5 31. Qa4+ Rb5 32. f5 Bc5 33. Qxa6+
Kd7 34. Kh1 Bxe3 35. Rxe3 Rxh4+ 36. Kg1 Rg4+ 37. Kh1 Rh4+ 38. Kg1 Qb6 39. fxe6+
Kxe6 40. Qc8+ Ke7 41. Re1 Qg6+ 0-1

[Event "Olimpiade 2018 - Open"]
[Site "Batumi"]
[Date "03.10.2018"]
[Round "9.61"]
[Board "1"]
[White "Eid, Fadi"]
[Black "Kigigha, Bomo"]
[Result "1/2-1/2"]
[WhiteTitle "IM"]
[BlackTitle "FM"]
[WhiteElo "2328"]
[BlackElo "2300"]
[WhiteTeam "Lebanon"]
[BlackTeam "Nigeria"]
[WhiteFideId "5300118"]
[BlackFideId "8500037"]
[EventDate "2018.09.24"]

1. e4 c5 2. a3 d5 3. exd5 Nf6 4. Bb5+ Nbd7 5. c4 a6 6. Ba4 b5 7. cxb5 Nxd5 8.
Nf3 Qa5 9. b6 Nxb6 10. Bc6 Ra7 11. Ne5 c4 12. Qe2 f6 13. Nxc4 Qc5 14. Bxd7+ Rxd7
15. d3 Nd5 16. O-O Bb7 17. Qe6 Nc7 18. Qh3 g6 19. Be3 Qf5 20. Qxf5 gxf5 21. d4
f4 22. Bxf4 Rxd4 23. Bxc7 Rxc4 24. Bg3 h5 25. Nd2 Rc2 26. Bf4 Bh6 27. Bxh6 Rxh6
28. Rfd1 Rg6 29. g3 f5 30. Rac1 Rxb2 31. Nc4 Ra2 32. Rb1 Rc6 33. Ne3 Bc8 34.
Rbc1 Rxc1 35. Rxc1 Bd7 36. Rc3 f4 37. gxf4 Bh3 38. Nf1 Be6 39. Kg2 Bd5+ 40. Kg3
h4+ 41. Kxh4 Rxf2 42. Ne3 Rxh2+ 43. Kg5 Bf7 44. f5 Ra2 45. Ng4 Kd8 46. Rh3 Bc4
47. Rh8+ Kc7 48. Rh7 Kd6 49. Rh6+ Kc7 50. Ne5 Bb5 51. Re6 Kd8 52. Nf7+ Kd7 53.
Re3 Re2 54. Kf4 Rxe3 55. Kxe3 Ba4 56. Kd4 Bc2 57. Ne5+ Kc7 58. Ng6 Kd6 59. Nxe7
Kxe7 60. f6+ Kxf6 61. Kc3 Ba4 62. Kb2 Ke5 63. Ka1 Kd4 64. Kb2 Kd3 65. Ka1 1/2-1/2

[Event "Olimpiade 2018 - Open"]
[Site "Batumi"]
[Date "03.10.2018"]
[Round "9.65"]
[Board "3"]
[White "Al-Ghasra, Ali"]
[Black "Ho In Hei, Henry"]
[Result "0-1"]
[WhiteTitle "CM"]
[WhiteElo "2096"]
[BlackElo "1797"]
[WhiteTeam "Bahrain"]
[BlackTeam "Hong Kong"]
[WhiteFideId "11200057"]
[BlackFideId "6002552"]
[EventDate "2018.09.24"]

1. d4 d5 2. c4 Nc6 3. Nc3 dxc4 4. d5 Ne5 5. e4 e6 6. Bxc4 Nxc4 7. Qa4+ Qd7 8.
Qxc4 exd5 9. Nxd5 c6 10. Nc3 Qg4 11. g3 Bd6 12. Qe2 Ne7 13. Qxg4 Bxg4 14. f3 Be6
15. Be3 O-O 16. Rd1 Bb4 17. a3 Ba5 18. Ne2 f5 19. Bc5 Rfe8 20. Nd4 Bc8 21. O-O
Bxc3 22. bxc3 fxe4 23. fxe4 Bh3 24. Rfe1 Ng6 25. Bd6 Ne5 26. Bxe5 Rxe5 27. Rb1
c5 28. Nf3 Re7 29. Re3 h6 30. Rbe1 Rae8 31. Nd2 Be6 32. Rf1 b5 33. Rb1 a6 34.
Rb2 Bd5 35. Rb1 Rd8 36. Rbe1 Be6 37. Nf3 Bg4 38. Kg2 Rf7 39. Rf1 Bxf3+ 40. Rexf3
Rd2+ 41. R1f2 Rxf3 42. Kxf3 Rxf2+ 43. Kxf2 Kf7 44. Ke3 a5 45. Kd3 Ke6 46. Ke3
Ke5 47. Kd3 h5 48. Ke3 g5 49. Kd3 h4 50. gxh4 gxh4 51. Ke3 b4 52. cxb4 cxb4 53.
axb4 axb4 54. h3 b3 55. Kd3 b2 56. Kc2 Kxe4 57. Kxb2 Kf3 58. Kc2 Kg2 59. Kd2
Kxh3 60. Ke2 Kg2 0-1

[Event "Olimpiade 2018 - Open"]
[Site "Batumi"]
[Date "03.10.2018"]
[Round "9.80"]
[Board "4"]
[White "Cabral, Daniel"]
[Black "Diallo, Djibril"]
[Result "0-1"]
[WhiteElo "1618"]
[BlackElo "1648"]
[WhiteTeam "Bermuda"]
[BlackTeam "Mali"]
[WhiteFideId "8800936"]
[BlackFideId "19800290"]
[EventDate "2018.09.24"]

1. e4 e6 2. d4 d5 3. e5 c5 4. c3 Nc6 5. Nf3 cxd4 6. cxd4 Bb4+ 7. Nc3 Qb6 8. Bd3
Bd7 9. Be3 Qa5 10. Qb3 Nxd4 11. Nxd4 Ba4 12. Bb5+ Bxb5 13. Nxb5 Qxb5 14. O-O Qc4
15. Qa4 Ke7 16. Nb5 a6 17. Nc7 0-1

[Event "Olimpiade 2018 - Open"]
[Site "Batumi"]
[Date "03.10.2018"]
[Round "9.81"]
[Board "2"]
[White "Wojciechowski, Paul"]
[Black "Mwale, George"]
[Result "0-1"]
[WhiteTitle "CM"]
[WhiteElo "1904"]
[BlackElo "2000"]
[WhiteTeam "Jersey"]
[BlackTeam "Malawi"]
[WhiteFideId "15600017"]
[BlackFideId "20500254"]
[EventDate "2018.09.24"]

1. e4 e5 2. Nc3 Nf6 3. Bc4 Nc6 4. d3 Na5 5. Bb3 Nxb3 6. axb3 Bb4 7. Ne2 d5 8.
exd5 Nxd5 9. O-O O-O 10. Nxd5 Qxd5 11. Nc3 Qc6 12. Bd2 b6 13. Qe2 Re8 14. Rfe1
Bb7 15. Qe4 Qxe4 16. Nxe4 Be7 17. Bc3 f6 18. Re2 c5 19. Rae1 Kf7 20. Bd2 g5 21.
h3 h5 22. f3 Rg8 23. Bc3 b5 24. Bd2 Rac8 25. c3 a6 26. Kf1 Rcd8 27. Nf2 Bd6 28.
Ne4 Bf8 29. Nf2 Kg6 30. Rd1 Rg7 31. Be3 Rgd7 32. Ree1 f5 33. Ke2 g4 34. hxg4
hxg4 35. fxg4 f4 36. Bc1 Bxg2 37. Ne4 Bxe4 0-1

[Event "Olimpiade 2018 - Open"]
[Site "Batumi"]
[Date "03.10.2018"]
[Round "9.86"]
[Board "1"]
[White "Monteiro, Antonio"]
[Black "Bah, Ebrima"]
[Result "0-1"]
[BlackTitle "FM"]
[WhiteElo "1877"]
[BlackElo "2066"]
[WhiteTeam "Cape Verde"]
[BlackTeam "Gambia"]
[WhiteFideId "1950711"]
[BlackFideId "21100039"]
[EventDate "2018.09.24"]

1. d4 Nf6 2. c4 e6 3. Nf3 c6 4. Bg5 d5 5. e3 Qa5+ 6. Nbd2 Ne4 7. a3 Nxg5 8. Nxg5
dxc4 9. Ne4 b5 10. Be2 Nd7 11. O-O Be7 12. a4 Qb6 13. Bf3 Rb8 14. Be2 f5 15. Nc3
a6 16. f4 Nf6 17. Bf3 O-O 18. axb5 cxb5 19. b3 cxb3 20. Nxb3 Bb7 21. Bxb7 Rxb7
22. Qd3 Rd7 23. Kh1 Rc8 24. Rfc1 Rdc7 25. Ne2 Rxc1+ 26. Rxc1 Rxc1+ 27. Nexc1 a5
28. Qc3 a4 29. Na5 Kf7 30. Nc6 Nd7 31. Nd3 Bd6 32. h3 a3 33. Ncb4 Qa5 34. Qc6
Ke7 35. Qc3 Bxb4 36. Nxb4 Kf7 37. Qc6 Qxb4 38. Qxd7+ Kf6 39. Kh2 a2 40. Qa7 Qa4
41. Qb8 h6 42. Qe5+ Kf7 43. d5 Qa6 44. Qc7+ Kg6 45. d6 a1=Q 46. d7 Qa7 47. d8=Q
Qxe3 48. Qe8+ Kh7 0-1

[Event "Olimpiade 2018 - Open"]
[Site "Batumi"]
[Date "04.10.2018"]
[Round "10.30"]
[Board "2"]
[White "Neiksans, Arturs"]
[Black "Taalaibekov, Tagir"]
[Result "1-0"]
[WhiteTitle "GM"]
[WhiteElo "2566"]
[BlackElo "2291"]
[WhiteTeam "Latvia"]
[BlackTeam "Kyrgyzstan"]
[WhiteFideId "11601388"]
[BlackFideId "13801163"]
[EventDate "2018.09.24"]

1. e4 e6 2. d4 d5 3. Nd2 c5 4. Ngf3 Nc6 5. exd5 exd5 6. Bb5 Bd6 7. dxc5 Bxc5 8.
O-O Ne7 9. Nb3 Bd6 10. Re1 O-O 11. Bd3 Bf5 12. Bg5 Bxd3 13. Qxd3 f6 14. Bh4 Ne5
15. Nxe5 Bxe5 16. c3 Qd6 17. Bg3 Ng6 18. Rad1 Rad8 19. Nd4 Qb6 20. Re2 Rfe8 21.
Rde1 Qa5 22. h4 Qc7 23. h5 Nf8 24. Nf3 Qc4 25. Qxc4 dxc4 26. Nxe5 fxe5 27. Rxe5
Rxe5 28. Rxe5 Rd1+ 29. Kh2 a6 30. Bf4 Nd7 31. Re8+ Kf7 32. Rd8 Rd5 33. g4 Ke7
34. Rc8 Rc5 35. Rh8 Nf6 36. g5 Nd5 37. Be5 Nb6 38. Bd4 Rxg5 39. Bxb6 Rxh5+ 40.
Kg2 Rb5 41. Bd4 Rxb2 42. Rxh7 b5 43. Rxg7+ Ke8 44. a4 bxa4 45. Ra7 a3 46. Rxa6
a2 47. Kg3 Kf7 48. f4 Rc2 49. f5 Rd2 50. Ra7+ Kg8 51. f6 1-0

[Event "Olimpiade 2018 - Open"]
[Site "Batumi"]
[Date "04.10.2018"]
[Round "10.36"]
[Board "1"]
[White "Kayonde, Andrew"]
[Black "Smirnov, Anton"]
[Result "0-1"]
[WhiteTitle "IM"]
[BlackTitle "GM"]
[WhiteElo "2393"]
[BlackElo "2549"]
[WhiteTeam "Zambia"]
[BlackTeam "Australia"]
[WhiteFideId "8700281"]
[BlackFideId "3208923"]
[EventDate "2018.09.24"]

1. d4 Nf6 2. c4 e6 3. Nc3 Bb4 4. e3 O-O 5. Ne2 Re8 6. a3 Bf8 7. Ng3 d5 8. Bd3
dxc4 9. Bxc4 c5 10. O-O cxd4 11. exd4 Nbd7 12. Bf4 a6 13. a4 b6 14. Rc1 Bb7 15.
Re1 Ra7 16. d5 exd5 17. Rxe8 Qxe8 18. Nxd5 Nxd5 19. Bxd5 Bxd5 20. Qxd5 Nc5 21.
Rc4 Rd7 22. Qe5 Re7 23. Qh5 Re1+ 24. Nf1 Re4 25. Rxe4 Qxe4 26. Qe5 Qxe5 27. Bxe5
Nxa4 28. Nd2 f6 29. Bd4 Kf7 30. b3 Nc5 31. Kf1 Ke6 32. Ke2 Kd5 33. Be3 b5 34.
Kd1 Ne4 35. Nb1 Bc5 36. Bxc5 Kxc5 37. f3 Nd6 38. Kd2 Kb4 39. Kc2 Nf5 40. Kb2 Nd4
41. Nd2 f5 42. g4 g6 43. h4 h6 44. h5 gxh5 45. gxh5 a5 46. f4 Ne2 47. Nf1 Nxf4
48. Ne3 Nxh5 49. Nxf5 Nf4 50. Nxh6 Nd3+ 51. Kc2 Nc5 52. Nf5 Nxb3 0-1

[Event "Olimpiade 2018 - Open"]
[Site "Batumi"]
[Date "04.10.2018"]
[Round "10.40"]
[Board "2"]
[White "Ralison, Milanto Harifidy"]
[Black "Rizouk, Aimen"]
[Result "0-1"]
[WhiteTitle "FM"]
[BlackTitle "GM"]
[WhiteElo "2281"]
[BlackElo "2445"]
[WhiteTeam "Madagascar"]
[BlackTeam "Algeria"]
[WhiteFideId "13100351"]
[BlackFideId "7900309"]
[EventDate "2018.09.24"]

1. e4 d5 2. exd5 Qxd5 3. Nc3 Qa5 4. Bc4 Nf6 5. d4 c6 6. Ne2 Bf5 7. Ng3 Bg6 8. h4
h6 9. h5 Bh7 10. Qe2 Nbd7 11. Bd2 Qc7 12. O-O-O Nb6 13. Bb3 e6 14. Nge4 Nfd5 15.
g3 Be7 16. Kb1 a5 17. Bxd5 Nxd5 18. Nxd5 cxd5 19. Qb5+ Qd7 20. Nc3 Qxb5 21. Nxb5
Kd7 22. a4 Rhc8 23. Bc3 Rc4 24. Rd2 Rxa4 25. b3 Rb4 26. Bxb4 Bxb4 27. Kc1 Bxd2+
28. Kxd2 Kc6 29. Nc3 b5 30. f3 Rc8 31. Nd1 Kb6 32. Ne3 b4 33. Rh2 Kb5 34. Rf2
Rc3 35. g4 e5 36. dxe5 d4 37. Nf5 Kc5 38. Kd1 Bxf5 39. gxf5 Kd5 40. Re2 d3 41.
cxd3 Rxd3+ 42. Kc2 Rc3+ 43. Kd1 Rxf3 44. e6 fxe6 45. fxe6 Rf8 46. Rg2 Kxe6 47.
Rxg7 Rf5 48. Rg6+ Rf6 49. Rg8 Kf7 50. Ra8 Rf5 51. Ra6 Rxh5 52. Ke2 Re5+ 53. Kf3
h5 54. Kf4 Rc5 55. Kg3 Ke7 0-1

[Event "Olimpiade 2018 - Open"]
[Site "Batumi"]
[Date "04.10.2018"]
[Round "10.42"]
[Board "1"]
[White "Wiedenkeller, Michael"]
[Black "Iturrizaga Bonelli, Eduardo"]
[Result "0-1"]
[WhiteTitle "IM"]
[BlackTitle "GM"]
[WhiteElo "2464"]
[BlackElo "2636"]
[WhiteTeam "Luxembourg"]
[BlackTeam "Venezuela"]
[WhiteFideId "1700146"]
[BlackFideId "3901211"]
[EventDate "2018.09.24"]

1. d4 Nf6 2. c4 e6 3. Nc3 Bb4 4. e3 O-O 5. Ne2 d5 6. a3 Be7 7. cxd5 exd5 8. Nf4
Re8 9. Bd3 a5 10. O-O Na6 11. f3 c6 12. Bc2 b5 13. Kh1 Bf8 14. Bd2 Nc7 15. g4
Nd7 16. Rg1 Nb6 17. b3 a4 18. bxa4 Nc4 19. Bc1 Nxe3 20. Bxh7+ Kxh7 21. Qd3+ Nf5
22. axb5 Qf6 23. gxf5 Bxf5 24. Qd1 Nxb5 25. Nxb5 cxb5 26. Nxd5 Qc6 27. Ne3 Bg6
28. Ng4 Bd6 29. Bb2 Rad8 30. Rc1 Qb7 31. d5 f5 32. Qd4 fxg4 33. Qxg4 Qf7 34.
Qh4+ Kg8 35. Rxg6 Qxg6 36. Rg1 Bg3 37. Qd4 Re1 38. hxg3 Qh5+ 39. Qh4 Qxf3+ 40.
Kh2 Re2+ 41. Kh3 Rxd5 0-1

[Event "Olimpiade 2018 - Open"]
[Site "Batumi"]
[Date "05.10.2018"]
[Round "11.11"]
[White "Safarli, Eltaj"]
[Black "Ivic, Velimir"]
[Result "1-0"]
[WhiteElo "2676"]
[BlackElo "2472"]
[EventDate "2018.09.24"]
[Board "4"]
[WhiteFideId "13402129"]
[WhiteTeam "Azerbaijan"]
[BlackFideId "950122"]
[BlackTeam "Serbia"]

1. e4 c5 2. Nf3 d6 3. Bb5+ Nd7 4. c3 Nf6 5. Qe2 a6 6. Ba4 b5 7. Bc2 e6 8.
d4 Bb7 9. O-O Be7 10. Re1 Qc7 11. Bd3 O-O 12. Bg5 Rfe8 13. Nbd2 h6 14. Bh4
Nh5 15. Bxe7 Rxe7 16. g3 e5 17. dxe5 dxe5 18. c4 bxc4 19. Bxc4 Nhf6 20.
Rac1 Nb6 21. Bb3 a5 22. Qe3 Rc8 23. a4 Qc6 24. Rc2 Nxa4 25. Nc4 Nb6 26.
Nfxe5 Qc7 27. Nxb6 Qxb6 28. Nc4 Qb4 29. Nd6 Rc6 30. Rc4 Qb6 31. Nxb7 Qxb7
32. e5 Rb6 33. Bc2 Nd7 34. Rd1 Rxb2 35. Rxc5 Rb5 36. Qd3 Rxe5 37. Rxb5 Rxb5
38. Qxd7 1-0

[Event "Olimpiade 2018 - Open"]
[Site "Batumi"]
[Date "05.10.2018"]
[Round "11.33"]
[White "Ochsner, Bjorn Moller"]
[Black "Vivas Zamora, Fabian Ernesto"]
[Result "1-0"]
[WhiteElo "2462"]
[BlackElo "2363"]
[EventDate "2018.09.24"]
[Board "3"]
[WhiteFideId "1416928"]
[WhiteTeam "Denmark"]
[BlackFideId "3902480"]
[BlackTeam "Venezuela"]

1. e4 c5 2. Nf3 d6 3. d4 cxd4 4. Nxd4 Nf6 5. Nc3 a6 6. h3 e5 7. Nde2 h5 8.
g3 Be6 9. Bg2 Nbd7 10. a4 Be7 11. O-O Rc8 12. Be3 Bc4 13. Qd2 Qa5 14. Rfd1
Qb4 15. Nc1 O-O 16. Rb1 b5 17. b3 Be6 18. N1a2 Qa3 19. Ra1 Rb8 20. Nd5 Bxd5
21. Nb4 Qxa1 22. Rxa1 Bxe4 23. Nxa6 Rbc8 24. Bxe4 Nxe4 25. Qd5 Nef6 26.
Qxb5 Rxc2 27. Nb4 Rc7 28. Nc6 Re8 29. a5 d5 30. a6 d4 31. Nxe7+ Rxe7 32. a7
Rxa7 33. Rxa7 dxe3 34. fxe3 e4 35. Qf5 Re6 36. Ra8+ Nf8 37. Qc5 Nd7 38. Qc7
Ne5 39. b4 h4 40. Qd8 Ng6 41. gxh4 Re5 42. Ra5 Re6 43. h5 Ne5 44. Ra8 1-0

[Event "Olimpiade 2018 - Open"]
[Site "Batumi"]
[Date "05.10.2018"]
[Round "11.38"]
[White "Baules, Jorge"]
[Black "Rahman, Ziaur"]
[Result "0-1"]
[WhiteElo "2358"]
[BlackElo "2477"]
[EventDate "2018.09.24"]
[Board "2"]
[WhiteFideId "6600247"]
[WhiteTeam "Panama"]
[BlackFideId "10200037"]
[BlackTeam "Bangladesh"]

1. e4 c5 2. c3 Nf6 3. e5 Nd5 4. d4 cxd4 5. Nf3 e6 6. cxd4 d6 7. a3 Bd7 8.
Nbd2 Bc6 9. Ne4 Qc7 10. Bd3 Nd7 11. b4 a6 12. O-O dxe5 13. Re1 Be7 14. Bb2
Nf4 15. Bf1 f5 16. Neg5 Bxf3 17. Nxe6 Nxe6 18. Qxf3 Qb6 19. Qxf5 g6 20. Qe4
Rf8 21. Rac1 Nxd4 22. Red1 Nc6 23. Rc2 O-O-O 24. Bc1 Nf6 25. Rxd8+ Bxd8 26.
Qxe5 Qxf2+ 27. Kxf2 Ng4+ 28. Kg3 Nxe5 0-1

[Event "Olimpiade 2018 - Open"]
[Site "Batumi"]
[Date "05.10.2018"]
[Round "11.39"]
[White "Otawa, Yuto"]
[Black "Taieb, Sahbi"]
[Result "1-0"]
[WhiteElo "2161"]
[BlackElo "2146"]
[EventDate "2018.09.24"]
[Board "4"]
[WhiteFideId "7001762"]
[WhiteTeam "Japan"]
[BlackFideId "5500770"]
[BlackTeam "Tunisia"]

1. d4 Nf6 2. c4 e6 3. Nc3 Bb4 4. e3 b6 5. Ne2 Ba6 6. a3 Bxc3+ 7. Nxc3 d5 8.
cxd5 Bxf1 9. dxe6 Bxg2 10. Rg1 Bd5 11. e4 Bxe6 12. d5 Bc8 13. e5 Qe7 14.
Qe2 Ng4 15. Bf4 h5 16. h3 g5 17. d6 cxd6 18. Nd5 Qb7 19. exd6+ Be6 20. Nc7+
Kd7 21. Bxg5 Nh2 22. O-O-O Qf3 23. Qe5 Nc6 24. Qxh2 Na5 25. Qf4 Qxf4+ 26.
Bxf4 Rac8 27. Kb1 Bxh3 28. Rde1 Bf5+ 29. Ka2 Nc6 30. b4 Rcg8 31. b5 Nd4 32.
Re7+ Kd8 33. Rd1 Be6+ 34. Kb2 Nf5 35. Nxe6+ fxe6 36. Rxa7 h4 37. Be5 h3 38.
Bxh8 1-0

[Event "Olimpiade 2018 - Open"]
[Site "Batumi"]
[Date "05.10.2018"]
[Round "11.47"]
[White "Mulenga, Prince Daniel"]
[Black "Aithmidou, Mohamed-Mehdi"]
[Result "0-1"]
[WhiteElo "2237"]
[BlackElo "2244"]
[EventDate "2018.09.24"]
[Board "4"]
[WhiteFideId "8701776"]
[WhiteTeam "Zambia"]
[BlackFideId "9000720"]
[BlackTeam "Morocco"]

1. Nf3 c5 2. g3 Nc6 3. c4 g6 4. Bg2 Bg7 5. Nc3 e5 6. d3 Nge7 7. O-O O-O 8.
a3 d6 9. Rb1 f5 10. Bd2 b6 11. b4 Bb7 12. Nd5 h6 13. e4 Qd7 14. b5 Nd8 15.
Nh4 Bxd5 16. cxd5 f4 17. gxf4 exf4 18. Qf3 Kh7 19. Bh3 Qe8 20. Kh1 Nf7 21.
Rg1 Bf6 22. Nxg6 Nxg6 23. Bf5 Ne5 24. Qh5 Bg7 25. Bxf4 Rxf5 26. Qxf5 Nxd3
27. Be3 Bd4 28. Bxd4 cxd4 29. Rg2 Nf4 30. Rg4 Qe5 31. Qf7+ Kh8 32. f3 Rg8
33. Qxa7 Nh3 34. Rf1 Ng5 35. Qxb6 Rc8 36. Qa6 Rc2 37. Rg2 Rxg2 38. Qc8+ Kg7
39. Qd7+ Kf6 40. Qd8+ Kg7 41. Qd7+ Nf7 42. Kxg2 d3 43. Kh1 Qb2 44. Qc6 d2
45. Qc4 Kh7 46. Qb4 d1=Q 47. Rxd1 Qe2 48. Qb1 Qxf3+ 49. Kg1 Nf4 0-1

[Event "Olimpiade 2018 - Open"]
[Site "Batumi"]
[Date "05.10.2018"]
[Round "11.62"]
[White "Sanches, Casanova Romario"]
[Black "Chunguane, Ilidio Alberto"]
[Result "1/2-1/2"]
[WhiteElo "2029"]
[BlackElo "2054"]
[EventDate "2018.09.24"]
[Board "3"]
[WhiteFideId "8200211"]
[WhiteTeam "Surinam"]
[BlackFideId "14800276"]
[BlackTeam "Mozambique"]

1. c4 Nf6 2. Nc3 c6 3. e4 d6 4. d4 e5 5. dxe5 dxe5 6. Qxd8+ Kxd8 7. Nf3 Bd6
8. Bg5 Ke7 9. Be2 Bg4 10. h3 Be6 11. Bh4 h6 12. O-O Nd7 13. a3 a5 14. Rad1
g5 15. Bg3 Nh5 16. Bh2 Nf4 17. Bxf4 exf4 18. Nd4 Ne5 19. Nf5+ Bxf5 20. exf5
f6 21. Ne4 Rad8 22. c5 Bc7 23. b4 axb4 24. axb4 Rxd1 25. Rxd1 Rd8 26. Rxd8
Bxd8 27. Nd6 b5 28. Kf1 Bc7 29. Ne4 Nd7 30. Ke1 Nb8 31. Kd2 Be5 32. Kc2 Na6
33. Kb3 Nc7 34. Bf3 Kd7 35. Be2 Nd5 36. Bf3 Ne7 37. Bh5 Kc7 38. Bg4 h5 39.
Bxh5 Nxf5 40. Bd1 Nh4 41. Bf3 Kd7 42. Kc2 Nxf3 43. gxf3 Ke6 44. Kd3 Bc7 45.
Kd4 Bd8 46. Kd3 Be7 47. Nd2 Kd5 48. Ne4 f5 49. Nc3+ Ke6 50. Ne2 Bf6 51.
Nd4+ Bxd4 52. Kxd4 Kf6 53. Kd3 Kg6 54. Kd4 Kf6 55. Kd3 Ke5 56. Kc3 Kd5 57.
Kd3 Ke5 58. Kc3 Kf6 59. Kd4 Ke6 60. Kd3 Kd5 61. Kc3 Ke6 62. Kd3 Kd7 63. Kd4
Ke6 64. Kd3 Ke7 65. Kd4 Kf6 66. Kd3 Ke7 67. Kd4 Ke6 68. Kd3 Kf7 69. Kd4 Kf6
70. Kd3 Kg7 71. Kd4 Kf6 72. Kd3 Ke5 73. Kc3 Kf6 74. Kd4 Ke6 75. Kd3 Ke5 76.
Kc3 Kd5 77. Kd3 Ke5 78. Kc3 Ke6 79. Kd3 Kf7 80. Kd4 Kf6 81. Kd3 Ke5 82. Kc3
Kd5 83. Kd3 1/2-1/2

[Event "Olimpiade 2018 - Open"]
[Site "Batumi"]
[Date "05.10.2018"]
[Round "11.64"]
[White "Aguilar, Luis Miguel"]
[Black "Jean Louis, Marckens"]
[Result "0-1"]
[WhiteElo "2203"]
[BlackElo "1992"]
[EventDate "2018.09.24"]
[Board "1"]
[WhiteFideId "3303187"]
[WhiteTeam "Bolivia"]
[BlackFideId "11900270"]
[BlackTeam "Haiti"]

1. g3 e5 2. Bg2 f5 3. d4 e4 4. c4 Nf6 5. Nc3 d5 6. cxd5 Nxd5 7. Nh3 Bb4 8.
Bd2 O-O 9. Qb3 Bxc3 10. bxc3 Kh8 11. c4 Nf6 12. Bc3 c6 13. O-O Na6 14. Rfd1
b6 15. a4 Be6 16. a5 Rb8 17. axb6 Rxb6 18. Qa4 Qc8 19. Rdb1 Rxb1+ 20. Rxb1
Nb8 21. Bb4 Rf7 22. Bc5 Rb7 23. Rxb7 Qxb7 24. Nf4 Bg8 25. h3 g5 26. d5 gxf4
27. Bd4 Kg7 28. Qa1 Nd7 29. dxc6 Qxc6 30. Qxa7 Bxc4 31. g4 Bxe2 32. g5 Kg6
33. gxf6 Nxf6 34. Qa1 f3 35. Bf1 Bxf1 36. Qxf1 Nd5 37. Be5 f4 38. Kh2 Kf5
39. Ba1 Qg6 40. Bb2 Kg5 41. Bd4 Kh4 42. Bb2 e3 43. fxe3 Qg3+ 44. Kh1 f2 45.
exf4 Qxh3+ 46. Qxh3+ Kxh3 0-1

[Event "Olimpiade 2018 - Open"]
[Site "Batumi"]
[Date "05.10.2018"]
[Round "11.74"]
[White "Degondo, Simplice Armel"]
[Black "Eid, Fadi"]
[Result "0-1"]
[WhiteElo "2138"]
[BlackElo "2328"]
[EventDate "2018.09.24"]
[Board "1"]
[WhiteFideId "14306310"]
[WhiteTeam "Ivory Coast"]
[BlackFideId "5300118"]
[BlackTeam "Lebanon"]

1. Nf3 Nc6 2. d4 d5 3. e3 Bg4 4. Bb5 e6 5. Nbd2 Ne7 6. h3 Bh5 7. g4 Bg6 8.
Ne5 a6 9. Nxg6 Nxg6 10. Be2 e5 11. dxe5 Ncxe5 12. Nf3 c6 13. Bd2 Bd6 14.
Bc3 Nxf3+ 15. Bxf3 Be5 16. Bxe5 Nxe5 17. Be2 Qb6 18. Qd4 Qxd4 19. exd4 Ng6
20. h4 Nf4 21. Kd2 O-O 22. Bd3 f5 23. g5 g6 24. Rhe1 Rae8 25. Bf1 Re4 26.
f3 Re6 27. Rxe6 Nxe6 28. c3 Kf7 29. Re1 h6 30. Bd3 hxg5 31. h5 gxh5 32.
Bxf5 Nf4 33. Rh1 h4 34. Bh3 Kg6 35. Bg4 Re8 36. Rh2 Kf6 37. Bd7 Re7 38. Bg4
a5 39. Rf2 b6 40. Rh2 c5 41. b3 cxd4 42. cxd4 b5 43. a3 b4 44. axb4 axb4
45. Kd1 h3 46. Rc2 Re3 47. Rc6+ Ke7 48. Rc7+ Kd6 49. Rh7 Rxb3 50. Kc2 Rc3+
51. Kb1 Kc6 52. Bxh3 Nxh3 53. Rxh3 Kb5 54. Rg3 Kc4 55. Kb2 Re3 56. Rxg5
Rxf3 57. Rg8 Rf2+ 58. Kc1 Kxd4 59. Rb8 Kd3 60. Rxb4 Kc3 61. Rf4 Rxf4 0-1

[Event "Olimpiade 2018 - Open"]
[Site "Batumi"]
[Date "05.10.2018"]
[Round "11.85"]
[White "Khalema, Sechaba"]
[Black "Taleka, Jed Selu"]
[Result "1-0"]
[WhiteElo "1779"]
[BlackElo "1723"]
[EventDate "2018.09.24"]
[Board "2"]
[WhiteFideId "14317176"]
[WhiteTeam "Lesotho"]
[BlackFideId "22400117"]
[BlackTeam "Nauru"]

1. d4 d5 2. c4 Nf6 3. cxd5 Nxd5 4. e4 Nf6 5. Nc3 c6 6. Bc4 e6 7. f3 Bb4 8.
Ne2 b5 9. Bb3 a5 10. a4 Bd7 11. O-O Bxc3 12. bxc3 Na6 13. Be3 O-O 14. Qd3
bxa4 15. Bc2 e5 16. dxe5 Ne8 17. Rfd1 Nb8 18. e6 fxe6 19. e5 Qh4 20. Rxa4
Qh5 21. Nf4 Qf5 22. Qxf5 exf5 23. Bc5 Nc7 24. Bb3+ Nd5 25. Rad4 g5 26. Nxd5
Be6 27. Bxf8 Kxf8 28. c4 a4 29. Ba2 Nd7 30. Nc7 1-0